| 000 | 00489nam a2200181 a 4500 | ||
|---|---|---|---|
| 005 | 20140310183216.0 | ||
| 008 | 030620s19uu xx 00 eng d | ||
| 020 | _a0003224422 | ||
| 050 |
_aBF 121 _b.C269 1999 |
||
| 100 | _aCardwell, Mike | ||
| 245 |
_aPsychology for A level / _cCardwell, Mike. |
||
| 260 |
_aCollins Educational : _bLondon, _c1999. |
||
| 300 |
_a784 p. : _bill. col. ; _c25 cm. |
||
| 521 | _aPSYCH | ||
| 650 | _aPsychology | ||
| 942 |
_cBK _2lcc _kFOR |
||
| 999 |
_c20243 _d20243 |
||